000 00556nam a2200205 a 4500
001 10144
003 CO-ViMGA
008 141112s2004 ck r 000 u spa d
020 _a9684197330
040 _aCO-ViMGA
_bspa
_cCO-ViMGA
082 0 4 _a613.83 G234
100 1 _aGarner ; Alan,
_913020
245 1 0 _aPor tu Futuro :
_bDi que no a las Drogas
260 _aMexico :
_bEditorial Grijalbo S.A,
_c1987
300 _a148p. : il.
650 1 4 _aDROGAS
_913021
650 1 4 _aNIÑOS - DROGAS
_913022
650 1 4 _aPADRES - DROGAS
_913023
942 _2ddc
_cBK
999 _c21517
_d21517